<?xml version="1.0" encoding="UTF-8"?><?xml-stylesheet type="text/xsl" href="static/style.xsl"?><OAI-PMH xmlns="http://www.openarchives.org/OAI/2.0/" xmlns:xsi="http://www.w3.org/2001/XMLSchema-instance" xsi:schemaLocation="http://www.openarchives.org/OAI/2.0/ http://www.openarchives.org/OAI/2.0/OAI-PMH.xsd"><responseDate>2026-04-13T01:19:13Z</responseDate><request verb="GetRecord" identifier="oai:www.recercat.cat:2445/218044" metadataPrefix="marc">https://recercat.cat/oai/request</request><GetRecord><record><header><identifier>oai:recercat.cat:2445/218044</identifier><datestamp>2025-02-04T14:14:41Z</datestamp><setSpec>com_2072_1057</setSpec><setSpec>col_2072_478815</setSpec><setSpec>col_2072_478917</setSpec></header><metadata><record xmlns="http://www.loc.gov/MARC21/slim" xmlns:dcterms="http://purl.org/dc/terms/" xmlns:xsi="http://www.w3.org/2001/XMLSchema-instance" xmlns:doc="http://www.lyncode.com/xoai" xsi:schemaLocation="http://www.loc.gov/MARC21/slim http://www.loc.gov/standards/marcxml/schema/MARC21slim.xsd">
   <leader>00925njm 22002777a 4500</leader>
   <datafield ind2=" " ind1=" " tag="042">
      <subfield code="a">dc</subfield>
   </datafield>
   <datafield ind2=" " ind1=" " tag="720">
      <subfield code="a">Fialová, Daniela</subfield>
      <subfield code="e">author</subfield>
   </datafield>
   <datafield ind2=" " ind1=" " tag="720">
      <subfield code="a">Lukačišinová, Anna</subfield>
      <subfield code="e">author</subfield>
   </datafield>
   <datafield ind2=" " ind1=" " tag="720">
      <subfield code="a">Reissigová, Jindra</subfield>
      <subfield code="e">author</subfield>
   </datafield>
   <datafield ind2=" " ind1=" " tag="720">
      <subfield code="a">Ortner-Hadžiabdić, Maja</subfield>
      <subfield code="e">author</subfield>
   </datafield>
   <datafield ind2=" " ind1=" " tag="720">
      <subfield code="a">Brkic, Jovana</subfield>
      <subfield code="e">author</subfield>
   </datafield>
   <datafield ind2=" " ind1=" " tag="720">
      <subfield code="a">Okuyan, Betul</subfield>
      <subfield code="e">author</subfield>
   </datafield>
   <datafield ind2=" " ind1=" " tag="720">
      <subfield code="a">Volmer, Daisy</subfield>
      <subfield code="e">author</subfield>
   </datafield>
   <datafield ind2=" " ind1=" " tag="720">
      <subfield code="a">Tadić, Ivana</subfield>
      <subfield code="e">author</subfield>
   </datafield>
   <datafield ind2=" " ind1=" " tag="720">
      <subfield code="a">Modamio Charles, Pilar</subfield>
      <subfield code="e">author</subfield>
   </datafield>
   <datafield ind2=" " ind1=" " tag="720">
      <subfield code="a">Mariño Hernández, Eduardo L.</subfield>
      <subfield code="e">author</subfield>
   </datafield>
   <datafield ind2=" " ind1=" " tag="720">
      <subfield code="a">Tachkov, Konstantine</subfield>
      <subfield code="e">author</subfield>
   </datafield>
   <datafield ind2=" " ind1=" " tag="720">
      <subfield code="a">Liperotti, Rosa</subfield>
      <subfield code="e">author</subfield>
   </datafield>
   <datafield ind2=" " ind1=" " tag="720">
      <subfield code="a">Onder, Graziano</subfield>
      <subfield code="e">author</subfield>
   </datafield>
   <datafield ind2=" " ind1=" " tag="720">
      <subfield code="a">Finne-Soveri, Harriet</subfield>
      <subfield code="e">author</subfield>
   </datafield>
   <datafield ind2=" " ind1=" " tag="720">
      <subfield code="a">van Hout, Hein</subfield>
      <subfield code="e">author</subfield>
   </datafield>
   <datafield ind2=" " ind1=" " tag="720">
      <subfield code="a">Howard, Elizabeth P.</subfield>
      <subfield code="e">author</subfield>
   </datafield>
   <datafield ind2=" " ind1=" " tag="260">
      <subfield code="c">2025-01-28T09:17:03Z</subfield>
   </datafield>
   <datafield ind2=" " ind1=" " tag="260">
      <subfield code="c">2025-01-28T09:17:03Z</subfield>
   </datafield>
   <datafield ind2=" " ind1=" " tag="260">
      <subfield code="c">2024-12-01</subfield>
   </datafield>
   <datafield ind2=" " ind1=" " tag="260">
      <subfield code="c">2025-01-28T09:17:03Z</subfield>
   </datafield>
   <datafield ind2=" " ind1=" " tag="520">
      <subfield code="a">Background: The use of benzodiazepines (BZDs) in older population is often accompanied by drug-related complications. Inappropriate BZD use significantly alters older adults' clinical and functional status. This study compares the prevalence, prescribing patterns and factors associated with BZD use in community-dwelling older patients in 7 European countries.

Methods: International, cross-sectional study was conducted in community-dwelling older adults (65 +) in the Czech Republic, Serbia, Estonia, Bulgaria, Croatia, Turkey, and Spain between Feb2019 and Mar2020. Structured and standardized questionnaire based on interRAI assessment scales was applied. Logistic regression was used to evaluate factors associated with BZD use.

Results: Out of 2,865 older patients (mean age 73.2 years ± 6.8, 61.2% women) 14.9% were BZD users. The highest prevalence of BZD use was identified in Croatia (35.5%), Spain (33.5%) and Serbia (31.3%). The most frequently prescribed BZDs were diazepam (27.9% of 426 BZD users), alprazolam (23.7%), bromazepam (22.8%) and lorazepam (16.7%). Independent factors associated with BZD use were female gender (OR 1.58, 95%CI 1.19-2.10), hyperpolypharmacy (OR 1.97, 95%CI 1.22-3.16), anxiety (OR 4.26, 95%CI 2.86-6.38), sleeping problems (OR 4.47, 95%CI 3.38-5.92), depression (OR 1.95, 95%CI 1.29-2.95), repetitive anxious complaints (OR 1.77, 95%CI 1.29-2.42), problems with syncope (OR 1.78, 95%CI 1.03-3.06), and loss of appetite (OR 0.60, 95%CI 0.38-0.94). In comparison to Croatia, residing in other countries was associated with lower odds of BZD use (ORs varied from 0.49 (95%CI 0.32-0.75) in Spain to 0.01 (95%CI 0.00-0.03) in Turkey), excluding Serbia (OR 1.11, 95%CI 0.79-1.56).

Conclusions: Despite well-known negative effects, BZDs are still frequently prescribed in older outpatient population in European countries. Principles of safer geriatric prescribing and effective deprescribing strategies should be individually applied in older BZD users.

Keywords: Benzodiazepines; Community-dwelling older adults; Europe; Geriatric dosing; Geriatric length of therapy.</subfield>
   </datafield>
   <datafield ind1="8" ind2=" " tag="024">
      <subfield code="a">http://hdl.handle.net/2445/218044</subfield>
   </datafield>
   <datafield tag="653" ind2=" " ind1=" ">
      <subfield code="a">Farmacologia geriàtrica</subfield>
   </datafield>
   <datafield tag="653" ind2=" " ind1=" ">
      <subfield code="a">Benzodiazepines</subfield>
   </datafield>
   <datafield tag="653" ind2=" " ind1=" ">
      <subfield code="a">Geriatric pharmacology</subfield>
   </datafield>
   <datafield tag="653" ind2=" " ind1=" ">
      <subfield code="a">Benzodiazepines</subfield>
   </datafield>
   <datafield ind2="0" ind1="0" tag="245">
      <subfield code="a">Prevalence, country-specific prescribing patterns and determinants of benzodiazepine use in community-residing older adults in 7 European countries</subfield>
   </datafield>
</record></metadata></record></GetRecord></OAI-PMH>